000 00596nam a2200217Ii 4500
001 18363
003 CO-ViMGA
008 241108s9999||||xx |||||||||||||| ||und||
020 _a9789875040427
040 _aCO-ViMGA
_bspa
_erda
_cCO-ViMGA
041 0 _aspa
084 _aC DRE2t
100 1 _aOlga Drennen
_950900
245 1 0 _aLa trama del miedo
264 1 _aBuenos Aires, Argentina : Quipu, 2008
300 _avolumen
336 _atext
_btxt
_2rdacontent
337 _aunmediated
_bn
_2rdamedia
338 _avolume
_bnc
_2rdacarrier
940 _aidficha_siabuc: 18026. -- ficha_no_siabuc:18363
999 _c45599
_d45599